| 000 | 00719cam a22002055a 4500 | ||
|---|---|---|---|
| 001 | L159082 | ||
| 008 | 160113e18978 xxk f 000 0 eng d | ||
| 035 | _a(Sirsi) u159082 | ||
| 041 | 0 | _aeng | |
| 110 | 2 |
_aEdward Ryde & Sons _96174 |
|
| 245 | 0 | 1 | _aUseful tables for surveyors |
| 260 |
_aLondon _bEdward Ryde & Sons _c1897 |
||
| 300 | _aFolded lealet | ||
| 520 | _aA series of useful tables for surveyors published for private circulation. Includes Ryde's Scale of Professional Fees and a table of relative values but a range of conversion tables of interest to surveyors. | ||
| 650 | 2 | 4 | _aLIFE TABLES |
| 650 | 2 | 4 | _aRELATIVE VALUES |
| 651 | 4 |
_aGreat Britain _y1707- |
|
| 690 |
_aValuation _96273 |
||
| 942 | _n0 | ||
| 999 |
_c115667 _d115667 |
||